Statistics for US Presidents by Death Date

Click here to take the quiz!

General Stats

  • This quiz has been taken 46 times
  • The average score is 29 of 39

Answer Stats

Date President % Correct
December 14, 1799George Washington
100%
July 4, 1826Thomas Jefferson
100%
July 4, 1826John Adams
94%
April 15, 1865Abraham Lincoln
89%
November 22, 1963John F. Kennedy
86%
April 12, 1945Franklin D. Roosevelt
86%
November 30, 2018George H.W. Bush
83%
July 4, 1831James Monroe
83%
December 26, 2006Gerald Ford
80%
June 5, 2004Ronald Reagan
80%
April 22, 1994Richard Nixon
80%
June 28, 1836James Madison
80%
January 6, 1919Theodore Roosevelt
77%
March 8, 1930William Taft
77%
September 14, 1901William McKinley
77%
February 3, 1924Woodrow Wilson
77%
February 23, 1848John Quincy Adams
74%
January 5, 1933Calvin Coolidge
74%
March 28, 1969Dwight D. Eisenhower
74%
December 26, 1972Harry Truman
74%
June 8, 1845Andrew Jackson
74%
August 2, 1923Warren G. Harding
74%
January 22, 1973Lyndon B. Johnson
71%
July 23, 1885Ulysses S. Grant
69%
October 20, 1964Herbert Hoover
69%
July 9, 1850Zachary Taylor
69%
June 24, 1908Grover Cleveland
66%
April 4, 1841William Henry Harrison
66%
September 19, 1881James A. Garfield
66%
June 1, 1868James Buchanan
66%
July 24, 1862Martin Van Buren
66%
July 31, 1875Andrew Johnson
63%
June 15, 1849James K. Polk
60%
March 13, 1901Benjamin Harrison
60%
October 8, 1869Franklin Pierce
60%
January 18, 1862John Tyler
60%
March 8, 1874Millard Fillmore
57%
January 17, 1893Rutherford B. Hayes
54%
November 18, 1886Chester A. Arthur
51%

Score Distribution

Percentile by Number Answered

Percent of People with Each Score

Your Score History

You have not taken this quiz